Principles and applications of optical communications / (Record no. 7304)

MARC details
000 -LEADER
fixed length control field 01095cam a2200169 a 4500
020 ## - INTERNATIONAL STANDARD BOOK NUMBER
ISBN 0256164150
020 ## - INTERNATIONAL STANDARD BOOK NUMBER
ISBN 9780256164152
050 00 - CALL NUMBER
Classification number TK5103.59
Item number .M57
100 2# - AUTHOR
Personal name Ming-Kang Liu, Max.
245 10 - TITLE
Title Principles and applications of optical communications /
Statement of responsibility, etc Max Ming-Kang Liu.
260 ## - PUBLICATION INFORMATION
Place of publication Chicago :
Name of publisher Irwin,
Year of publication c1996.
300 ## - DESCRIPTION
Number of Pages xix, 1004 p. :
Other physical details ill. ;
Dimensions 24 cm.
500 ## - NOTES
General note Includes index
505 ## - FORMATTED CONTENTS NOTE
Table of Content I Overview <br/>1 Introduction to Optical Communications <br/>2 From Point-to-Point Links to Networking II Basic Point-to-Point Communication Blocks <br/>3 Light Sources <br/>4 Optical Fibers <br/>5 Photo Detectors <br/>6 Noise in Optical Communications <br/>7 Incoherent Detection III Networking <br/>8 Time Domain Multiple Access (SONET, FDDI, B-ISDN, etc.) <br/>9 Frequency Domain Multiple Access <br/>10 Subcarrier Multiplexing <br/>11 Photonic Switching IV Signal Processing <br/>12 Direct Modulation <br/>13 External Modulation <br/>14 DFB Modulation <br/>15 Coherent Detection <br/>16 Line Coding and Timing Recovery <br/>17 Optical Amplification <br/>18 Soliton Transmission
650 #0 - SUBJECTS
Topical Term Optical communications.
942 ## - ADDED ENTRY ELEMENTS (KOHA)
Koha item type Books
Holdings
Withdrawn status Lost status Collection code Home library Current library Shelving location Date acquired Full call number Accession Number Koha item type
    Reference Methodist University Library Main Methodist University Library Main General Stacks   TK5103.59 .M57 31600 Books
Copyright © 2026  MUG Library